01420nam a2200301 a 450000100100000000500170001000800410002702000150006804000250008308200180010810000490012624501460017525000120032126000480033330000310038150000700041250400330048265100520051565100390056765100380060665100490064470000330069304900090072695201160073595201220085195201280097399900170110100001688620200929164959.0100312s2007 pr c 000 0 spa d a1881715965 aDO-SdBNPbspacBNPHU a972.95bG216a1 aGarcía Leduc, José Manuel,d1944-93736710aApuntes para una historia breve de Puerto Rico (desde la prehistoria hasta 1898) /cJosé Manuel García Leduc ; corrección Carlos Rojas. a5a. ed. aSan Juan, Puerto Rico :bIsla Negra,c2007. a287 p. :bretrs. ;c22 cm. aIncluye datos biográficos del autor en la solapa de la cubierta aBibliografías : p. 262-287 4aPuerto RicoxPolítica Y Gobiernoy1898930144 4aPuerto RicoxCivilización913570 4aPuerto RicoxHistoriay189899073 4aPuerto RicoxCondiciones Económicas9161591 aRojas, Carlos,ecorr.937368 aBNPD 001050718MOaGRbGRcHDd2010-03-12iLF1l0o972.95 G216ap16886-10r2020-06-25w2020-06-25y1ZNo se presta 001050718MOaGRbGRcCTd2010-03-12iLF1l0o972.95 G216ap16886-20r2020-06-25te. 2w2020-06-25y1ZNo se presta 001054708MOaGRbGRcCTd2010-07-26iLF1l0o972.95 G216ap16886-30r2020-06-25te. 3w2020-06-25y4ZPréstamo en sala c16418d16418